000
00332nam a2200145 4500
008
190521s2008||||xo d
100
1
_a
Holland M.R.
_9
1125
245
1
0
_a
Ty si moja, ty si môj!
260
_b
Equilibria
_a
Košice
_c
2008
250
_a
1.vydanie
020
_c
0
041
1
_a
slo
044
_a
xo
_c
SK
958
_a
AUL
999
_c
22423
_d
22423